Smart cities of the future in Asia (Record no. 113278)

MARC details
000 -LEADER
fixed length control field 01781cad a22002535a 4500
001 - CONTROL NUMBER
control field L155005
008 - FIXED-LENGTH DATA ELEMENTS--GENERAL INFORMATION
fixed length control field 120217s2012 xxk f 000 0 eng d
035 ## - SYSTEM CONTROL NUMBER
System control number (Sirsi) u155005
041 0# - LANGUAGE CODE
Language code of text/sound track or separate title eng
110 2# - MAIN ENTRY--CORPORATE NAME
Corporate name or jurisdiction name as entry element UK Trade and Investment
9 (RLIN) 4699
245 00 - TITLE STATEMENT
Title Smart cities of the future in Asia
Remainder of title the opportunities for UK business
Medium [electronic resource]
260 ## - PUBLICATION, DISTRIBUTION, ETC.
Place of publication, distribution, etc. [S.I.]
Name of publisher, distributor, etc. UKTI
Date of publication, distribution, etc. 2012
520 ## - SUMMARY, ETC.
Summary, etc. This report takes a broad interpretation of the term "smart" and examines 10 cities across Asia that "are large scale developments which aim to achieve economic, environmental and social sustainability through the systematic integration of ICT into their planning, design, operations and management" with a view to assessing the current level of smart integration and future smart status and opportunities of each. The cities (and markets) were selected by taking into account their potential level of interest to UK companies, and following an initial review of their 'smart' status. The report centres on smart initiatives across six themes: energy, buildings and the environment, digital media, education, health, and transport, and looks at Hong Kong, Jakarta (Indonesia), Tokyo (Japan), Kuala Lumpur (Malaysia), Manila (Philippines), Singapore, Seoul (South Korea), Taipei (Taiwan), Bangkok (Thailand) and Ho Chi Minh City (Vietnam).
590 ## - LOCAL NOTE (RLIN)
Local note KA NTK
651 #4 - SUBJECT ADDED ENTRY--GEOGRAPHIC NAME
Geographic name ASEAN
651 #4 - SUBJECT ADDED ENTRY--GEOGRAPHIC NAME
Geographic name North Asia
690 ## - LOCAL SUBJECT ADDED ENTRY--TOPICAL TERM (OCLC, RLIN)
Topical term or geographic name as entry element Planning and development
9 (RLIN) 6259
690 ## - LOCAL SUBJECT ADDED ENTRY--TOPICAL TERM (OCLC, RLIN)
Topical term or geographic name as entry element Environment
9 (RLIN) 6238
690 ## - LOCAL SUBJECT ADDED ENTRY--TOPICAL TERM (OCLC, RLIN)
Topical term or geographic name as entry element Energy
9 (RLIN) 6237
690 ## - LOCAL SUBJECT ADDED ENTRY--TOPICAL TERM (OCLC, RLIN)
Topical term or geographic name as entry element Construction management
9 (RLIN) 6230
690 ## - LOCAL SUBJECT ADDED ENTRY--TOPICAL TERM (OCLC, RLIN)
Topical term or geographic name as entry element Infrastructure
9 (RLIN) 6246
856 40 - ELECTRONIC LOCATION AND ACCESS
Uniform Resource Identifier <a href="https://webarchive.nationalarchives.gov.uk/ukgwa/20140403144217/http://www.ukti.gov.uk/uktihome/item/218400.html">https://webarchive.nationalarchives.gov.uk/ukgwa/20140403144217/http://www.ukti.gov.uk/uktihome/item/218400.html</a>
Public note Archived at nationalarchives.gov.uk
942 ## - ADDED ENTRY ELEMENTS (KOHA)
Suppress in OPAC 0
Source of classification or shelving scheme Dewey Decimal Classification
Holdings
Withdrawn status Lost status Source of classification or shelving scheme Damaged status Not for loan Home library Current library Shelving location Date acquired Total Checkouts Full call number Barcode Date last seen Copy number Price effective from Koha item type
    Dewey Decimal Classification     Virtual Virtual Online 17/02/2012   ONLINE PUBLICATION 155005-2001 06/08/2019 1 06/08/2019 Book